• 首页
  • 本馆介绍
  • 公告通知
  • 最新文献
  • 馆藏检索
  • 电子资源
  • 读者导购
  • 参考咨询
  • 我的图书馆
  • 登录
  • 详细信息显示
  • 放入我的书架
  • 预约/预借图书
  • 作者相关作品
  • 分类相关作品
  • 丛书相关作品
  • 出版社相关作品

书目信息

  • 表格格式
  • 工作单格式
  • 卡片格式
题名:
植物、化学药剂和生长
    
 
作者: 克里科里安 , Krikoriam , 斯图尔德 , Steward 著 ;郭秀芳 译
分册:  
出版信息: 北京   科学出版社  1978
页数: 161页
开本: 26cm
丛书名:
单 册:
中图分类: Q946.88
科图分类:
主题词: 植物生长调节物质
电子资源:
ISBN:
000 00995nam0 2200301 45
001 0179001706
005 20060815163441.74
010    @dCNY1.30
091    @a13031.771
100    @a19950811d1979 em y0chiy0121 ea
101 1  @achi@ceng
102    @aCN@b110000
105    @ay z 000yy
200 10 @a植物、化学药剂和生长@Azhi wu hua xue yao ji he sheng zhang@f(美)斯图尔德(F.C.Steward),(美)克里科里安(A.D.Krikoriam)著@g郭秀芳等译
210    @a北京@c科学出版社@d1978
215    @a161页@d26cm
300    @a书名原文:Plants,chemicals and growth
510 1  @aPlants,chemicals and growth@zeng
517 1  @a植物化学药剂和生长@Azhi wu hua xue yao ji he sheng zhang
606    @a植物生长调节物质
690    @aQ946.88@v3
701  1 @a克里科里安@Ake li ke li an@bA.D.@4著
701 A1 @aKrikoriam@bA.D.@4著
701  1 @a斯图尔德@Asi tu er de@bF.C.@4著
701 A1 @aSteward@bF.C.@4著
702  0 @a郭秀芳@Aguo xiu fang@4译
801  0 @aCN@bTSSF@c20060815
905    @a10447@dQ946.88@e117
    
    植物、化学药剂和生长/(美)斯图尔德(F.C.Steward),(美)克里科里安(A.D.Krikoriam)著/郭秀芳等译.-北京:科学出版社,1978
    161页;26cm
    书名原文:Plants,chemicals and growth
    
    ISBN :CNY1.30
    
●
相关链接 在E读中查询图书 在五车中查询图书 在当当中查询图书 在豆瓣中查询图书


正题名:植物、化学药剂和生长     索取号:Q946.88/117         预约/预借

序号 登录号 条形码 馆藏地/架位号 状态 备注
1 0438620   204386208   密集书库/ [索取号:Q946.88/117] 在馆    
2 0438621   204386217   密集书库/ [索取号:Q946.88/117] 在馆    
3 0458603   204586037   密集书库/ [索取号:Q946.88/117] 在馆    
唐山师范学院图书馆 欢迎您!
大连网信软件有限公司© 版权所有